Подробности
| 000 -МАРКЕР |
| контрольное поле |
01956nam0a2200325 4500 |
| 001 - ИДЕНТИФИКАТОР ЗАПИСИ |
| контрольное поле |
RU\NLR\BIBL_A\022286134 |
| 005 - ИДЕНТИФИКАТОР ВЕРСИИ |
| контрольное поле |
20260409075114.0 |
| 035 ## - ДРУГИЕ СИСТЕМНЫЕ НОМЕРА |
| Идентификатор записи |
(NLR Aleph) 022286134 |
| 100 ## - ДАННЫЕ ОБЩЕЙ ОБРАБОТКИ |
| Данные общей обработки |
20060306d1886 u y0rusy50 ca |
| 101 0# - ЯЗЫК РЕСУРСА |
| Язык текста, звукозаписи и т.д. |
русский |
| 102 ## - СТРАНА ПУБЛИКАЦИИ ИЛИ ПРОИЗВОДСТВА |
| Страна публикации |
Российская Федерация |
| 105 ## - ПОЛЕ КОДИРОВАННЫХ ДАННЫХ: ТЕКСТОВЫЕ МАТЕРИАЛЫ, МОНОГРАФИЧЕСКИЕ |
| Кодированные данные о монографическом текстовом документе |
y z ||||| |
| 200 1# - ЗАГЛАВИЕ И СВЕДЕНИЯ ОБ ОТВЕТСТВЕННОСТИ |
| Основное заглавие |
Две главнейшия заповеди Божии |
| Первые сведения об ответственности |
(сочин. покойн. иеромонаха о. Арсения) |
| 205 ## - СВЕДЕНИЯ ОБ ИЗДАНИИ |
| Сведения об издании |
3-е изд. |
| 210 ## - ПУБЛИКАЦИЯ, РАСПРОСТРАНЕНИЕ И ДР. |
| Место издания, распространения и т.д. |
Москва |
| Имя издателя, распространителя и т. д. |
Типография И. Ефимова |
| Дата издания, распространения и т.д. |
ценз. 1886 |
| 215 ## - ФИЗИЧЕСКАЯ ХАРАКТЕРИСТИКА |
| Специфическое обозначение материала и объем |
4 с. |
| Размеры |
22 |
| 225 1# - СЕРИЯ |
| Основное заглавие серии |
Благословение Обители Св. Пантелеимона |
| Обозначение тома |
22 |
| 309 ## - ПРИМЕЧАНИЯ ОБ ОСНОВНОМ ИСТОЧНИКЕ ИНФОРМАЦИИ И ОБ ОСОБЕННОСТЯХ ПОЛИГРАФИЧЕСКОГО ОФОРМЛЕНИЯ ИЗДАНИЯ |
| Текст примечания |
Без тит. л. и обл. |
| 316 ## - ПРИМЕЧАНИЯ ОБ ОСОБЕННОСТЯХ ЭКЗЕМПЛЯРА |
| Текст примечания |
Экз. РНБ входит в конволют, приплетено к: В чем состоит истинное покаяние? ; О св. таинствах причащения и елеосвящения : (из сочинений покойнаго Афонскаго иеромонаха Арсения) . Москва : Типо-Литография И. Ефимова , ценз. 1893 |
| Организация и экземпляр, к которому относится поле |
NLR 18.257.1.303 |
| 482 #0 - ПРИПЛЕТЕНО К |
| Встроенное поле |
001v19\rc\1540794 |
| Системный номер (АБИС) связанной записи |
5450713 |
| Место публикации |
Москва |
| Дата публикации |
ценз. 1893 |
| Издание |
3-е изд. |
| Имя издателя, распространителя и т.д. |
Типо-Литография И. Ефимова |
| Сведения, относящиеся к заглавию |
(из сочинений покойнаго Афонскаго иеромонаха Арсения) |
| Физическая характеристика |
8 с. |
| Заглавие |
В чем состоит истинное покаяние? |
| 518 1# - ЗАГЛАВИЕ В СТАНДАРТНОМ СОВРЕМЕННОМ ПРАВОПИСАНИИ |
| Основное заглавие, вариант заглавия или унифицированное заглавие |
Две главнейшие заповеди Божьи |
| 606 ## - НАИМЕНОВАНИЕ ТЕМЫ КАК ПРЕДМЕТ |
| Наименование темы |
Любовь (религ.) |
| Идентификатор авторитетной/нормативной записи |
RU\NLR\AUTH\661390813 |
| Системный номер авторитетной/нормативной записи |
2325148 |
| 686 0# - ИНДЕКСЫ ДРУГИХ КЛАССИФИКАЦИЙ |
| Индекс |
Э372.24-433.221.1 |
| 700 #0 - ИМЯ ЛИЦА - ПЕРВИЧНАЯ ОТВЕТСТВЕННОСТЬ |
| Материалы, к которым относится поле |
rus |
| Графика поля |
Кириллица |
| Начальный элемент ввода |
Арсений |
| Дополнения к именам, кроме дат |
Минин, Александр Иванович |
| -- |
иеромонах |
| Даты |
1823-1879 |
| Идентификатор авторитетной/нормативной записи |
RU\NLR\AUTH\774512 |
| Системный номер авторитетной/нормативной записи |
114492 |
| 852 ## - МЕСТОНАХОЖДЕНИЕ И ШИФР ХРАНЕНИЯ |
| Идентификатор организации |
NLR |
| Шифр хранения (Call Number) |
18.257.1.303(22) |
| 942 ## - ДОПОЛНИТЕЛЬНЫЕ ЭЛЕМЕНТЫ ЗАПИСИ (АБИС) |
| Тип экземпляра АБИС |
Книга |
| 980 ## - КОЛЛЕКЦИЯ |
| Название коллекции |
Национальная библиография |